000 00589nam a2200205 a 4500
001 19044
003 CO-ViMGA
008 141112s2004 ck r 000 u spa d
020 _a9701027825
040 _aCO-ViMGA
_bspa
_cCO-ViMGA
082 0 4 _a636.108 S181s
100 1 _aSavage, Catherine
_927297
245 1 0 _aSecretos de la medicina de equinos
260 _aMexico :
_bMcGraw Hill; 1999
300 _a381 p.
590 _aForma de adquisición : Proyecto 2005 - - Precio :
_53.100
650 1 4 _aCABALLOS - ENFERMEDADES
650 1 4 _aEQUINOS - ENFERMEDADES
_927298
942 _2ddc
_cBK
999 _c28230
_d28230